000 00209 a2200097 4500
001 10509
100 _aStonier, A.W.
245 _aTextbook of economic theory
260 _a
_bE.L.B.S.
_c
090 _c8124
_d8124
942 _aNUST-CAE
_cM
_c34850
999 _c245582
_d245582